000 00230nam a2200097Ia 4500
005 20251222114358.0
008 251222s1900||||xx |||||||||||||| ||spa||
082 _aDVD0040/P48/1984/Ej. 2
245 0 _aLa historia sin fin
942 _cDVD
999 _c1535
_d1535